Music Quiz

Random Music or Song Quiz
Score 0/50 Timer 20:00
0 Plays Today
Album Song % Correct
Reign In BloodRaining Blood
95.7%
South Of HeavenSouth Of Heaven
93.6%
Reign In BloodAngel Of Death
93.1%
Seasons In The AbyssSeasons In The Abyss
90.4%
Hell AwaitsHell Awaits
88.8%
Seasons In The AbyssWar Ensemble
87.2%
Seasons In The AbyssDead Skin Mask
78.7%
Show No MercyBlack Magic
76.6%
South Of HeavenMandatory Suicide
73.9%
Haunting The ChapelChemical Warfare
73.9%
Reign In BloodJesus Saves
73.4%
World Painted BloodWorld Painted Blood
71.8%
Reign In BloodPostmortem
71.3%
God Hates Us AllDisciple
70.7%
Show No MercyDie By The Sword
68.1%
Show No MercyShow No Mercy
65.4%
Christ IllusionJihad
60.1%
Seasons In The AbyssBlood Red
58.5%
Reign In BloodAltar Of Sacrifice
56.9%
Seasons In The AbyssSkeletons Of Society
56.4%
Divine InterventionDittohead
55.9%
Show No MercyThe Antichrist
55.9%
Reign In BloodCriminally Insane
54.3%
Seasons In The AbyssSpirit In Black
53.7%
God Hates Us AllBloodline
53.7%
Album Song % Correct
Seasons In The AbyssExpendable Youth
53.2%
Hell AwaitsAt Dawn They Sleep
52.7%
Reign In BloodEpidemic
52.7%
Hell AwaitsNecrophiliac
51.1%
South Of HeavenSilent Scream
51.1%
Reign In BloodReborn
50.5%
Seasons In The AbyssBorn Of Fire
46.8%
Show No MercyEvil Has No Boundaries
46.3%
Seasons In The AbyssHallowed Point
45.7%
South Of HeavenGhosts Of War
43.1%
Haunting The ChapelHaunting The Chapel
42.6%
Divine InterventionKilling Fields
42.6%
God Hates Us AllPayback
41.5%
World Painted BloodHate Worldwide
41%
Diabolus In MusicaStain Of Mind
39.4%
Reign In BloodAggressive Perfector
37.8%
Diabolus In MusicaBitter Peace
36.7%
Hell AwaitsCaptor Of Sin
35.6%
Christ IllusionCult
35.6%
Divine InterventionSex, Murder, Art
33.5%
God Hates Us AllGod Send Death
30.9%
Show No MercyFight Till Death
26.6%
Diabolus In MusicaScrum
23.4%
Diabolus In MusicaDeath's Head
21.8%
Diabolus In MusicaIn The Name Of God
14.9%

You're not logged in!

Compare scores with friends on all Sporcle quizzes.
OR
Log In

Sporcle TV

Today on Sporcle TV


Watch our educational content, quiz creation guides, and fun videos on Sporcle TV.

Show Comments

Extras

Top Quizzes Today


Score Distribution

Paid Content

Your Account Isn't Verified!

In order to create a playlist on Sporcle, you need to verify the email address you used during registration. Go to your Sporcle Settings to finish the process.

Report this User

Report this user for behavior that violates our Community Guidelines.

Details: